| 000 | 00000nas 2200000zi 4500 |
| 001 | 9.947416 |
| 003 | CaOODSP |
| 005 | 20250910142914 |
| 006 | m o d f |
| 007 | cr cn |||||||| |
| 008 | 250127c20239999oncar p o f0###b0fre|d |
| 020 | |z9780660748429 |
| 022 | |a2819-0548 |
| 040 | |aCaOODSP|bfre|erda|cCaOODSP |
| 043 | |an-cn--- |
| 086 | 1 |aD1-35F-PDF|zD2-683/2024F-PDF |
| 110 | 1 |aCanada. |bMinistère de la défense nationale, |eauteur, |eorganisme de publication. |
| 222 | 0|aRapport d'étape sur l'accessibilité de l'Équipe de la Défense |
| 245 | 10|aRapport d'étape sur l'accessibilité de l'Équipe de la Défense. |
| 264 | 1|a[Ottawa] : |bDéfense nationale = National Defence, |c[2024]- |
| 310 | |aAnnuel |
| 336 | |atexte|btxt|2rdacontent/fre |
| 337 | |ainformatique|bc|2rdamedia/fre |
| 338 | |aressource en ligne|bcr|2rdacarrier/fre |
| 362 | 1 |aParaît depuis : 2023. |
| 500 | |aPublié aussi en anglais sous le titre : Defence Team accessibility plan progress report. |
| 588 | |aDescription d'après : 2023. |
| 588 | |aDernière livraison consultée : 2023. |
| 610 | 16|aCanada. |bMinistère de la défense nationale|vPériodiques. |
| 650 | 6|aAccessibilité aux personnes handicapées|zCanada|vPériodiques. |
| 650 | 6|aPersonnes handicapées|xPolitique gouvernementale|zCanada|vPériodiques. |
| 655 | 7|aPériodiques|2rvmgf |
| 775 | 08|tDefence Team accessibility plan progress report.|w(CaOODSP)9.947415 |